000 00632nam a2200205 a 4500
005 20210219152849.0
008 991125n 000 0 spa u
035 _aUPN01000063999
100 1 _aGonzález Labra, María José
222 0 _aREVISTA DE PSICOLOGIA GENERAL Y APLICADA
245 0 0 _aAnálisis componencial de las analogías geométricas
300 _a139-147
362 0 _a1993 Vol. 46, no. 2, abr.
653 0 _aANALOGIAS GEOMETRICAS
653 0 _aPROBLEMAS ANALOGICOS
653 0 _aPSICOLOGIA COGNOSCITIVA
700 1 _aBallesteros Jiménez, M. Soledad,
_ecoaut.
904 _aAC
_b001810
905 _aArticulo
999 _c62357
_d62357